| 000 | 01227nam a22002897a 4500 | ||
|---|---|---|---|
| 999 |
_c20563 _d20563 |
||
| 005 | 20191107072300.0 | ||
| 008 | 191107b xxu||||| |||| 00| 0 spa d | ||
| 020 | _a9789588945248 | ||
| 040 |
_aCO-BoIAVH _cCO-BoIAVH |
||
| 041 | _aspa | ||
| 044 | _ack | ||
| 100 |
_aArcos Dorado- Adriana Lucia _eAutor |
||
| 245 |
_aAdaptación de sistemas silvopastoriles: _bCon enfoque en reducción de gases efecto invernadero causados por deforestación y degradación de bosques (REDD+). |
||
| 260 |
_aBogotá: _bGIZ, _bCorporación Biocomercio Sostenible, _c2017. |
||
| 300 |
_a50 Páginas: _bilustraciones y fotografías, _c21 x 28 cm. |
||
| 650 | 0 | _aGuías de estudio | |
| 650 | 0 | _aSistemas silvopastorales | |
| 650 | 0 | _aGanadería sostenible | |
| 650 | 0 |
_aEcología _x Investigaciones _z Colombia. |
|
| 700 |
_aArcos, Juan Carlos _eAutor |
||
| 700 |
_aLópez Osorio, Luisa Fernanda _einvestigador |
||
| 700 |
_aÁlzate Acuña, Laura _einvestigador |
||
| 700 |
_aGrosso Rodriguez, Helena _einvestigador |
||
| 700 |
_aSantana Lozano, Javier _eMetodólogo SENA |
||
| 700 |
_aMoreno Betancourt, Nathaly _eMetodólogo SENA |
||
| 942 |
_2ddc _cFolleto |
||